| 000 | 01949cam a22005174a 4500 | ||
|---|---|---|---|
| 001 | muse16419 | ||
| 003 | MdBmJHUP | ||
| 005 | 20210127150925.0 | ||
| 006 | m o d | ||
| 007 | cr||||||||nn|n | ||
| 008 | 051220s2006 utu o 00 0 eng d | ||
| 010 | _z 2005036652 | ||
| 020 | _a9780874215311 | ||
| 020 | _z0874216265 (cloth : alk. paper) | ||
| 020 | _z9780874216264 | ||
| 035 | _a(OCoLC)71214642 | ||
| 040 |
_aMdBmJHUP _cMdBmJHUP |
||
| 043 |
_an-us--- _ae-uk-en |
||
| 050 | 0 | 4 |
_aBX8695.A72 _bA3 2006 |
| 082 | 0 |
_a973.5092 _aB _222 |
|
| 100 | 1 |
_aArcher, Patience Loader, _d1827-1921. |
|
| 245 | 1 | 0 |
_aRecollections of Past Days _bThe Autobiography of Patience Loader Rozsa Archer / _cedited by Sandra Ailey Petree. |
| 264 | 1 | _bUtah State University Press, | |
| 264 | 3 | _bProject MUSE, | |
| 300 |
_a1 online resource (xii, 267 p.) : _bill., maps ; |
||
| 504 | _aIncludes bibliographical references (p. 249-256) and index. | ||
| 506 | 0 |
_aOpen Access _fUnrestricted online access _2star |
|
| 588 | _aDescription based on print version record. | ||
| 600 | 1 | 1 |
_aArcher, Patience Loader, _d1827-1921. |
| 650 | 0 |
_aMormons _xEmigration and immigration. |
|
| 650 | 0 |
_aMormon women _zEngland _vBiography. |
|
| 650 | 0 |
_aMormon women _zUnited States _vBiography. |
|
| 610 | 2 | 0 | _aEdward Martin Emigrating Company. |
| 611 | 2 | 0 |
_aUtah Expedition _d(1857-1858) |
| 655 | 7 |
_aElectronic books. _2local |
|
| 700 | 1 |
_aPetree, Sandra Ailey, _d1945- |
|
| 710 | 2 |
_aProject Muse. _edistributor |
|
| 830 | 0 | _aBook collections on Project MUSE. | |
| 856 | 4 | 0 |
_zFull text available: _uhttps://muse.jhu.edu/book/9277/ |
| 945 | _aProject MUSE - Archive Complete Foundation | ||
| 945 | _aProject MUSE - Archive US Regional Studies, West Foundation | ||
| 999 |
_c23975 _d23975 |
||